000 00540nam a22001817a 4500
005 20170707143850.0
010 _aENG-119145
020 _a9789389395310
_c450.00
035 _aEN-102677
037 _bDBAD/PUB
082 _a676
100 _aSharma, H.C.
245 _aThe art of paper marking /
_cby H.C. Sharma
260 _aAllahbad
_bSampark Prakashan
_c2016
270 _a5/7, Upendra Nath Ashk Marg, Old Khusro Bagh Road
_bAllahbad
_e211001
300 _av, 143p.
_c23cm(Hb)
_bill.
942 _2ddc
_cEN
_h676
_mSHA
999 _c142371
_d142371